00660 2200241 4500001002100000005001500021035002000036007000300056008004100059020002200100082001100122084001700133100002600150245010500176250001000281260002600291300002100317650001700338700001500355520002600370990001100396990001100407INLIS00000000000311920190207091809 a0010-0219000061ta190207 g 0 ind  a978-602-1243-22-0 a297.67 a297.67 FAR m0 aFARVIN, Sabilla Matin1 aMahfuzhat, Pidato dan Percakapan Sehari-hari 3 Bahasa /cFarvin Sabilla Matin; penyunting, Abu Aisya acet.1 aSolo :bFATIHA,c2018 a201 hlm ;c20 cm aISLAM.PIDATO0 aABU, Aisya aBibliografi: hlm. 201 a6458 a a6458 b